Ézagh meséiből vagy a Fellebbező Állat [novella] /

Elmentve itt :
Bibliográfiai részletek
Szerző: Páskándi Géza
Dokumentumtípus: Cikk
Megjelent: 1981
Sorozat:Tiszatáj 35 No. 12
Kulcsszavak:Magyar irodalom - novella
Online Access:http://tiszataj.bibl.u-szeged.hu/11607
LEADER 00608nab a2200181 i 4500
001 tisza11607
005 20200330142912.0
008 170626s1981 hu o 0|| hun d
022 |a 0133-1167 
040 |a SZTE Tiszatáj Archívum  |b hun 
041 |a hun 
100 1 |a Páskándi Géza 
245 1 0 |a Ézagh meséiből vagy a Fellebbező Állat   |h [elektronikus dokumentum] :  |b [novella] /  |c  Páskándi Géza 
260 |c 1981 
300 |a 9-19 
490 0 |a Tiszatáj  |v 35 No. 12 
695 |a Magyar irodalom - novella 
856 4 0 |u http://tiszataj.bibl.u-szeged.hu/11607/1/tiszataj_1981_012_009-019.pdf  |z Dokumentum-elérés